| 000 | 01171nam a2200313 a 4500 | ||
|---|---|---|---|
| 001 | 000114128 | ||
| 003 | CHAP | ||
| 005 | 20220329144428.0 | ||
| 008 | 171106s2016 mx sm |||||||spa d | ||
| 010 | _a110589 | ||
| 011 | _a111561 | ||
| 040 | _cCHAP | ||
| 090 | _aTesis | ||
| 100 | 1 |
_aHernández Cantú, Esmeralda _9133991 |
|
| 245 | 1 | 0 |
_aEvaluación de tres niveles de un complejo enzimático sobre el comportamiento productivo en codornices de engorda _h[En línea] _cpor Esmeralda Hernández Cantú. |
| 260 |
_aCocula, Gro. Méx. : _bEl autor, _c2016. |
||
| 500 | _aPara ver el contenido del material haga clic en la liga | ||
| 502 | _aTesis (Ingeniero Agrónomo Zootecnista) -- Colegio Superior Agropecuario del Estado de Guerrero | ||
| 590 |
_aE11695DGD _b10 _c20171107 _lUCH01 _h1037 |
||
| 590 |
_aE6337LMJ _b05 _c20171106 _lUCH01 _h1332 |
||
| 590 |
_aE6337LMJ _b05 _c20171106 _lUCH01 _h1332 |
||
| 650 | 1 | 4 |
_aCodorniz _xAlimentación. _924301 |
| 650 | 1 | 4 |
_aCodorniz _xEngorda. _924306 |
| 650 | 1 | 4 |
_aCodorniz _xRendimiento. _9133992 |
| 856 |
_aFinding aid _uhttp://10.13.5.2/tesis/sist114128.pdf _zTeclea aquí |
||
| 901 | _aBK | ||
| 942 | _cTESIS | ||
| 942 | _n0 | ||
| 999 |
_c110589 _d110589 |
||